Lyrics - No One Knows - Queens of the Stone Age - Statistics

General Stats
  • This quiz has been taken 69 times
  • The average score is 101 of 138
Answer Stats
Lyrics % Correct
a
100%
knows
100%
No
100%
no
100%
one
98%
I
95%
the
95%
The
95%
to
93%
you
93%
and
91%
And
91%
get
89%
in
89%
We
89%
your
89%
pills
86%
That
86%
that
86%
follow
84%
these
84%
're
82%
some
82%
swallow
82%
How
80%
rules
80%
they
80%
this,
80%
those
80%
stick
77%
me
75%
like
73%
realize
73%
mine
68%
Tastes
64%
fool
61%
throat?
61%
what
59%
What
59%
am
57%
do
55%
Indeed
50%
desert
48%
gold
48%
Heaven
45%
ocean
45%
Oh,
45%
smiles
41%
through
41%
with
41%
drift
39%
hope
39%
above
36%
along
36%
come
36%
Dead
36%
But
34%
journey
34%
Of
34%
sun
34%
gift
32%
give
32%
undone
32%
mind
30%
lifeboats
23%
below
20%
caving
20%
Pleasantly
20%
here
18%
No matching quizzes found
Score Distribution
Percent of People with Each Score
Percentile by Number Answered
Your Score History
You have not taken this quiz